| 000 | 00790cam a2200217 a 4500 | ||
|---|---|---|---|
| 001 | 000015857 | ||
| 003 | DO-SdBNP | ||
| 005 | 20240417104241.0 | ||
| 008 | 941222m19932007sp a bc f001 0 spa | ||
| 020 | _a8481811009 (obra completa) | ||
| 040 |
_aDO-SdBNP _bspa _cBNPHU |
||
| 082 |
_a094.2 _bM538c _222 |
||
| 100 | 1 |
_aMéndez Aparicio, Julia _935689 |
|
| 245 | 1 | 0 |
_aCatálogo de los impresos del siglo XVI de la Biblioteca Pública del Estado, Toledo / _cJulia Méndez Aparicio. |
| 260 |
_a[Toledo] : _bJunta de Comunidades de Castilla-La Mancha, _c1993-<2007. |
||
| 300 |
_av. <1-4> : _bil. ; _c25 cm. |
||
| 500 | _aIncluye índices. | ||
| 504 | _aLa biblioteca posee el volumen 4. | ||
| 610 | 2 | 4 |
_aBiblioteca Pública del Estado (Toledo, España) _vCatalogos _985262 |
| 942 |
_2ddc _cLBS1 |
||
| 999 |
_c15400 _d15400 |
||